00880nam a2200229 a 450000100100000000500170001000800410002702000150006804000250008308200160010824502110012426000460033530000230038149000250040450400300042970000360045970000260049570000500052170000250057170000290059683000250062500002052020200930011125.0100322s2004 cu 000 0 spa d a959258687X aDO-SdBNPbspacBNPHU axxxxbSi84400aSistemas de informacion :bprincipios y aplicaciones /ccoordinadora Gloria Ponjuán Dante, Mayra M. Mena Mugica, María del Carmen Villardefrancos Álvarez, Magda León Santos, Yohannis Martí Lahera. aLa Habana, Cuba :bFéliz Varela,c2004. a163 p. : ;c24 cm.0 aColectivo de autores aBibliografía p: 159-1611 aPonjuán Dante, Gloriaecoord.1 aMena Mugica, Mayra M.1 aVillardefrancos Álvarez, María del Carmen1 aLeón Santos, Magda1 aMartí Lahera, Yohannis 0aColectivo de autores